| Tag |
First Indicator |
Second Indicator |
Subfields |
| LEADER |
00000cam a2200000 a 4500 |
| 001 |
in00000070486 |
| 005 |
20151008061755.0 |
| 008 |
800208s1979 nyu 00010 eng d |
| 035 |
|
|
|a (OCoLC)05964758
|
| 035 |
|
|
|9 AAJ8789AM
|
| 040 |
|
|
|a TVA
|c TVA
|d TXA
|d UtOrBLW
|
| 043 |
|
|
|a n-us---
|
| 049 |
|
|
|a TXAM
|d [
|v = bk.]
|v 1 [1329189]
|v 2 [1329190]
|
| 090 |
|
|
|a HD4903.5.U58
|b M33
|
| 100 |
1 |
|
|a McConnell, John H.
|
| 245 |
1 |
0 |
|a How to audit your EEO compliance /
|c by John H. McConnell and David Geliebter.
|
| 264 |
|
1 |
|a New York, N.Y. :
|b AMACOM,
|c [1979]
|
| 264 |
|
4 |
|c ©1979
|
| 300 |
|
|
|a 2 volumes in binder ;
|c 30 cm.
|
| 336 |
|
|
|a text
|b txt
|2 rdacontent
|
| 337 |
|
|
|a unmediated
|b n
|2 rdamedia
|
| 338 |
|
|
|a volume
|b nc
|2 rdacarrier
|
| 500 |
|
|
|a Accompanied by Departmental Audit of EEO Activities work forms.
|
| 650 |
|
0 |
|a Discrimination in employment
|z United States.
|
| 650 |
|
0 |
|a Affirmative action programs
|z United States.
|
| 650 |
|
0 |
|a Minorities
|x Employment
|z United States.
|
| 650 |
|
0 |
|a Women
|x Employment
|z United States.
|
| 700 |
1 |
|
|a Geliebter, David.
|
| 999 |
|
|
|a MARS
|
| 999 |
f |
f |
|s 78132724-5965-3978-99e5-7ab9fc2bcaa7
|i 6a72da63-8cea-33f7-b3ff-e9ab03b8ca27
|t 0
|